000 00733nam a2200241Ia 4500
003 OSt
005 20220925233726.0
006 a|||||r|||| 00| 0
007 ta
008 220923b |||||||| |||| 00| 0 eng d
020 _a8126107286
_c637.5
037 _b5285, 19/03/2014, RAJKIRAN BOOK AGENCY
_cGeneral Book
040 _aRTL
_cRTL
_beng
041 _2eng
_aeng
082 _aXM5:8, P1
100 _aGUPTA S.L.
_9170095
245 0 _aContemporary issues in corporate restructing.
260 _a New Delhi
_bAnmol Publications
_c2001
300 _axi, 351p
_ccm.
650 _aCommerce
942 _hXM5:8, P1
_cGB
_2CC
999 _c594427
_d594427